00614nam a2200169 a 450000500170000000800410001702000180005805000280007624500380010426000490014230000100019144000340020165000310023565000390026699900190030595201200032420140412111336.0031017s19uu xx 00 eng d a0-15-310303-5 aTR(GS 372.83bMy99 19_? aMy world and me :bactivity book. aOrlando :bHarcourt Brace & Company,c[n.d.] a58 p. aHarcourt Brace Social Studies aSocial Studies--Activities aSocial Studies--Study and Teaching c105039d105039 00104050aELbELcTRd2003-10-17eDonationl0oTR(GS 372.83 My99 19_?pE9318r2014-04-12 00:00:00w2014-04-12yBK